[Event "Cup Yugoslavia (team)"]
[Site "masterchessopen.com - Budva (Yugoslavia)"]
[Round "5"]
[White "Drasko Milan (MNE)"]
[Black "Popovic Petar (SRB)"]
[Result "0-1"]
[WhiteElo "2500"]
[BlackElo "2575"]

1.d4 Nf6 2.c4 c5 3.d5 e6 4.Nc3 exd5 5.cxd5 d6 6.Nf3 g6 7.g3 Bg7 8.Bg2 O-O
9.O-O Na6 10.Nd2 Nc7 11.Nc4 Nh5 12.a4 b6 13.e4 Ba6 14.Qd3 Bxc4 15.Qxc4 a6
16.Re1 Qd7 17.Qf1 Rae8 18.Bd2 Nf6 19.Rab1 b5 20.b4 cxb4 21.Rxb4 a5 22.Rxb5
Nxb5 23.Nxb5 Ra8 24.Rc1 Rfc8 25.Rc6 Rxc6 26.dxc6 Qxc6 27.e5 Ne4 28.Nxd6 Qxa4
29.Bxe4 Rd8 30.Bf4 Qd4 31.Qb5 Qa7 32.Bd5 Rf8 33.Nxf7 Rxf7 34.Qe8+ Bf8 35.Bh6
Qxf2+ {#R} 0-1

[Event "It (open)"]
[Site "masterchessopen.com - Ceske Budejovice (Czech Republic)"]
[Round "6"]
[White "Perov Ilia (RUS)"]
[Black "Dotlacil Ladislav (CZE)"]
[Result "1-0"]
[WhiteElo "2200"]
[BlackElo "2040"]

1.d4 Nf6 2.c4 e6 3.g3 c5 4.d5 exd5 5.cxd5 d6 6.Nc3 g6 7.Bg2 Bg7 8.Nf3 O-O
9.O-O a6 10.a4 b6 11.Nd2 Nbd7 12.h3 Rb8 13.Nc4 Qc7 14.Bf4 Ne8 15.Ne4 Ne5
16.Nexd6 Nxd6 17.Bxe5 Bxe5 18.Nxe5 Bd7 19.e4 Rbe8 20.f4 Bc8 21.Re1 f5 22.exf5
Nxf5 23.Qd3 Nd4 24.Rac1 Qd6 25.b4 Bf5 26.Qxa6 Nc2 27.bxc5 Qxc5+ 28.Kh1 Ra8
29.Qe2 Nd4 30.Qb2 Nc2 31.Re2 Rfc8 32.d6 Rxa4 33.Qb3+ {#r} 1-0

[Event "Czech League 1996/97 (1st)"]
[Site "masterchessopen.com - Czech Republic"]
[Round "0"]
[White "Cech Pavel (CZE)"]
[Black "Prymula Roman (CZE)"]
[Result "1-0"]
[WhiteElo "2325"]
[BlackElo "2255"]

1.d4 Nf6 2.c4 c5 3.d5 e6 4.Nc3 exd5 5.cxd5 d6 6.Nf3 g6 7.g3 Bg7 8.Bg2 O-O
9.O-O Re8 10.Bf4 h6 11.Nd2 g5 12.Be3 Ng4 13.Nc4 Bxc3 14.bxc3 b5 15.Nd2 Rxe3
16.fxe3 Nxe3 17.Qb3 Nxf1 18.Rxf1 Qe7 19.Kh1 a6 20.Ne4 Nd7 21.Qd1 Qe5 22.e3 Kg7
23.Qh5 f6 24.g4 Bb7 25.Ng3 Rh8 26.Nf5+ Kf8 27.Qg6 Rg8 28.Qh7 Bc8 29.Nxh6 {#r}
1-0

[Event "Extra League 1996/97"]
[Site "masterchessopen.com - Czech Republic"]
[Round "6"]
[White "Hausner Ivan (CZE)"]
[Black "Gross Stefan (CZE)"]
[Result "1-0"]
[WhiteElo "2410"]
[BlackElo "2330"]

1.d4 Nf6 2.c4 e6 3.g3 c5 4.d5 exd5 5.cxd5 d6 6.Nc3 g6 7.Bg2 Bg7 8.Nf3 O-O
9.O-O Na6 10.Nd2 Nc7 11.Nc4 Nfe8 12.a4 b6 13.Bd2 Ba6 14.b3 f5 15.e4 b5 16.axb5
Bxb5 17.Ra2 a6 18.Re1 Rb8 19.Qc2 Qf6 20.e5 dxe5 21.Nxe5 Qb6 22.Bf4 Rd8 23.Nc6
Bxc6 24.dxc6 Qb4 25.Rc1 c4 26.bxc4 Qxc4 27.Na4 Qxc2 28.Raxc2 Nd6 29.Nc5 Ndb5
30.Bf1 Ra8 31.Rd1 Rfc8 32.Rd7 Ne8 33.Ne6 {#r} 1-0

[Event "Bundesliga (2nd) East 1995/96"]
[Site "masterchessopen.com - Germany"]
[Round "0"]
[White "Mirschinka Dirk Dr (GER)"]
[Black "Legde Georg (GER)"]
[Result "1-0"]
[WhiteElo "2227"]
[BlackElo "2336"]

1.d4 Nf6 2.c4 e6 3.g3 c5 4.d5 exd5 5.cxd5 d6 6.Bg2 g6 7.Nc3 Bg7 8.Nf3 O-O
9.O-O Na6 10.Re1 Re8 11.e4 Ng4 12.h3 Ne5 13.Nxe5 Bxe5 14.Be3 Bd7 15.a4 Nb4
16.Qd2 a6 17.f4 Bg7 18.Kh2 Qc7 19.Rec1 Rac8 20.e5 dxe5 21.Ne4 exf4 22.Bxf4 Qd8
23.Nxc5 a5 24.Nxb7 Qb6 25.Nd6 Rxc1 26.Rxc1 Rd8 27.Nxf7 Rf8 28.Ne5 Bxa4 29.Nc4
Qd8 30.Nxa5 Qxa5 31.Bd6 Qb6 32.Qxb4 Qxb4 33.Bxb4 Rf2 34.Rc8+ Kf7 35.Rc7+ Kg8
36.d6 {#r} 1-0

[Event "Ch Hungary (team) (3 liga)"]
[Site "masterchessopen.com - Hungary"]
[Round "0"]
[White "Steiger Bela (HUN)"]
[Black "Kuklin Alexander (HUN)"]
[Result "1-0"]
[WhiteElo "2205"]
[BlackElo "2270"]

1.d4 Nf6 2.c4 c5 3.d5 e6 4.Nc3 exd5 5.cxd5 d6 6.Nf3 g6 7.g3 Bg7 8.Bg2 O-O
9.O-O Re8 10.Bf4 Ng4 11.Qd2 a6 12.a4 Ne5 13.Nxe5 Bxe5 14.Bxe5 Rxe5 15.f4 Re8
16.e4 Nd7 17.Rae1 Nf8 18.e5 Bf5 19.h3 h5 20.Kh2 Rb8 21.Be4 b5 22.axb5 axb5
23.Bxf5 gxf5 24.Qd3 b4 25.Nd1 h4 26.Rg1 Ng6 27.gxh4 Qxh4 28.Qxf5 Kg7 29.Re2
Rh8 30.Reg2 Rh6 31.Nf2 Kh8 32.e6 Qxf4+ 33.Qxf4 Nxf4 34.Rg8+ Rxg8 35.Rxg8+ {#r}
1-0

[Event "Ch Hungary (team) 1995/96"]
[Site "masterchessopen.com - Hungary"]
[Round "7"]
[White "Kiss Attila (HUN)"]
[Black "Horvath Tamas I (HUN)"]
[Result "1-0"]
[WhiteElo "2435"]
[BlackElo "2318"]

1.d4 Nf6 2.c4 e6 3.g3 c5 4.d5 exd5 5.cxd5 d6 6.Nc3 g6 7.Bg2 Bg7 8.Nf3 O-O
9.O-O Re8 10.Bf4 Nh5 11.Bg5 Qb6 12.Qc1 Na6 13.h3 f6 14.Bh6 Bxh6 15.Qxh6 Qxb2
16.Rac1 Qb6 17.g4 Ng7 18.e4 Qc7 19.Nd2 Nb4 20.f4 Nd3 21.Rc2 Rb8 22.e5 fxe5
23.Nde4 Nxf4 24.Nf6+ Kf7 25.Qxg7+ {#r} 1-0

[Event "It (open)"]
[Site "masterchessopen.com - Las Palmas (Spain)"]
[Round "2"]
[White "Razuvaev Yuri S (RUS)"]
[Black "Solana Suarez Ernesto (ESP)"]
[Result "1-0"]
[WhiteElo "2560"]
[BlackElo "2320"]

1.d4 Nf6 2.c4 e6 3.Nf3 c5 4.d5 exd5 5.cxd5 d6 6.Nc3 g6 7.g3 Bg7 8.Bg2 O-O
9.O-O Re8 10.h3 a6 11.a4 Nbd7 12.Re1 Rb8 13.Bf4 Qc7 14.e4 Nh5 15.Be3 Ne5
16.Nxe5 Bxe5 17.Qd2 Bh8 18.Rac1 b5 19.axb5 axb5 20.b4 c4 21.Ra1 Bd7 22.Ra7 Rb7
23.Rea1 Reb8 24.R7a6 Be8 25.Bd4 Bxd4 26.Qxd4 Qe7 27.Qe3 g5 28.Ne2 Bd7 29.Nd4
Rc7 30.Bf3 Ng7 31.Ra8 Rxa8 32.Rxa8+ Ne8 33.Bg4 h6 34.Bxd7 Qxd7 35.e5 {#r} 1-0

[Event "It (open) \"]
[Site "masterchessopen.com - Litomysl (Czech Republic)"]
[Round "2"]
[White "Cvek Robert (CZE)"]
[Black "Bargel Martin (CZE)"]
[Result "1-0"]
[WhiteElo "2290"]
[BlackElo "2162"]

1.d4 Nf6 2.c4 c5 3.d5 e6 4.Nc3 exd5 5.cxd5 d6 6.g3 g6 7.Bg2 Bg7 8.Nf3 O-O
9.O-O Na6 10.Nd2 Rb8 11.a4 Nc7 12.Nc4 b6 13.Nb5 Nxb5 14.axb5 Rb7 15.e4 Ne8
16.Bf4 h6 17.h4 Kh7 18.e5 Bd7 19.Qb3 g5 20.hxg5 hxg5 21.Bd2 Bf5 22.Rfe1 dxe5
23.Nxe5 Bxe5 24.Rxe5 Qf6 25.Rae1 Nd6 26.Qf3 g4 27.Qf4 Qg6 28.Rxf5 Qxf5 29.Qxd6
Qg6 30.Qxf8 {#r} 1-0

[Event "It (open)"]
[Site "masterchessopen.com - Mar del Plata (Argentina)"]
[Round "7"]
[White "Hoffman Alejandro (ARG)"]
[Black "Idigoras Alejandro (ARG)"]
[Result "1-0"]
[WhiteElo "2450"]
[BlackElo "2250"]

1.d4 Nf6 2.c4 c5 3.d5 e6 4.Nc3 exd5 5.cxd5 d6 6.Nf3 g6 7.g3 Bg7 8.Bg2 O-O
9.O-O Re8 10.Bf4 Nh5 11.Bg5 Qb6 12.Qc1 Na6 13.Nd2 Bd7 14.Nc4 Qc7 15.Ne4 Rxe4
16.Bxe4 b5 17.Nd2 h6 18.Be3 Re8 19.Bg2 Nf6 20.h3 Nb4 21.Nb1 Nbxd5 22.Bxh6 Bh8
23.Nc3 Nxc3 24.bxc3 Ne4 25.Bxe4 Rxe4 26.h4 Bc6 27.Qd2 Qd7 28.f3 Qh3 29.Rf2 Rg4
30.Bf4 b4 31.Qxd6 Bxc3 32.Rh2 {#r} 1-0

[Event "It (open) \"]
[Site "masterchessopen.com - Pardubice (Czech Republic)"]
[Round "6"]
[White "Dusa Dusan (SVK)"]
[Black "Taborsky Rostislav (CZE)"]
[Result "1-0"]
[WhiteElo "2146"]
[BlackElo "2262"]

1.d4 Nf6 2.c4 g6 3.Nc3 Bg7 4.Nf3 O-O 5.g3 c5 6.d5 e6 7.Bg2 exd5 8.cxd5 d6
9.O-O Na6 10.Nd2 Nc7 11.Nc4 b5 12.Nxd6 Qxd6 13.Bf4 Qd8 14.d6 Ne6 15.Bxa8 Nxf4
16.gxf4 b4 17.Na4 Bd7 18.Bg2 Qa5 19.b3 Nh5 20.Rc1 Bxa4 21.bxa4 Nxf4 22.Rc4 Be5
23.Re4 f6 24.e3 Nxg2 25.Kxg2 Qd8 26.Qd5+ Kg7 27.f4 Qxd6 {#r} 1-0

[Event "Ch Schleswig Holstein (qual)"]
[Site "masterchessopen.com - Ratzeburg (Germany)"]
[Round "5"]
[White "Kock Hans-Uwe (LIE)"]
[Black "Eitel Philipp (GER)"]
[Result "1-0"]
[WhiteElo "2235"]
[BlackElo "2165"]

1.d4 Nf6 2.c4 c5 3.d5 e6 4.Nc3 exd5 5.cxd5 d6 6.Nf3 g6 7.g3 Bg7 8.Bg2 O-O 9.h3
Nbd7 10.O-O a6 11.a4 Rb8 12.Rb1 b5 13.axb5 axb5 14.b4 cxb4 15.Na2 Ne4 16.Rxb4
Nc3 17.Nxc3 Bxc3 18.Rb3 b4 19.Nd4 Qf6 20.Nc6 Ba6 21.Be3 Rb7 22.Rxc3 bxc3
23.Bd4 Ne5 24.f4 Qf5 25.fxe5 c2 26.Qd2 {#r} 1-0

[Event "It (open)"]
[Site "masterchessopen.com - Regensburg (Germany)"]
[Round "3"]
[White "Schenk Uwe Dr (GER)"]
[Black "Pfrommer Christoph (GER)"]
[Result "0-1"]
[WhiteElo "2189"]
[BlackElo "2290"]

1.d4 Nf6 2.c4 e6 3.g3 c5 4.d5 exd5 5.cxd5 d6 6.Nc3 g6 7.Bg2 Bg7 8.Nf3 O-O
9.O-O Na6 10.Nd2 Nc7 11.Nc4 Nfe8 12.a4 b6 13.Bf4 Ba6 14.Qb3 Bxc4 15.Qxc4 Qd7
16.Qd3 a6 17.h3 Rb8 18.Qd2 b5 19.axb5 axb5 20.e4 b4 21.Ne2 Nb5 22.Be3 Qe7
23.f4 Nf6 24.e5 Nd7 25.exd6 Nxd6 26.Ra7 Nc4 27.d6 Qxe3+ 28.Qxe3 Nxe3 29.Rf3
Nxg2 30.Rxd7 Ne1 31.Re3 Bxb2 32.Rc7 Nc2 33.Re4 b3 34.Rxc5 Bd4+ {#R} 0-1

[Event "It (open)"]
[Site "masterchessopen.com - Wuerzburg (Germany)"]
[Round "5"]
[White "Ksieski Zbigniew (POL)"]
[Black "Gofshtein Zvulon (ISR)"]
[Result "1-0"]
[WhiteElo "2365"]
[BlackElo "2545"]

1.d4 Nf6 2.c4 e6 3.g3 c5 4.d5 exd5 5.cxd5 d6 6.Nc3 g6 7.Bg2 Bg7 8.Nf3 O-O
9.O-O a6 10.a4 Nbd7 11.Bf4 Qc7 12.e4 Ng4 13.Qc2 Rb8 14.a5 Re8 15.Qa4 b5
16.axb6 Rxb6 17.h3 Nge5 18.Bxe5 Bxe5 19.Nxe5 Rxe5 20.f4 Re8 21.Rf2 c4 22.g4
Qb8 23.Ra2 Rb4 24.Qc6 Rd8 25.e5 dxe5 26.d6 Bb7 27.Qc7 Bxg2 28.Kxg2 exf4
29.Rxf4 Ne5 30.Ne4 Rxb2+ 31.Rxb2 Qxb2+ 32.Rf2 Qb8 33.Qe7 Nd7 34.Rxf7 Qb2+
35.Rf2 Qb6 36.Ng5 {#r} 1-0

[Event "Tournament \"]
[Site "masterchessopen.com - Rio de Janeiro (Brazil)"]
[Date "1996.02.04"]
[Round "1"]
[White "Cantarino Mario Ribeiro (BRA)"]
[Black "Rodrigues Adriano (BRA)"]
[Result "0-1"]
[WhiteElo "2151"]
[BlackElo "2295"]

1.d4 Nf6 2.c4 e6 3.Nf3 c5 4.d5 exd5 5.cxd5 d6 6.Nc3 g6 7.g3 Bg7 8.Bg2 O-O
9.O-O b6 10.a4 Na6 11.Nd2 Nc7 12.Nc4 Ba6 13.Na3 Re8 14.Re1 Ng4 15.h3 Ne5
16.Qb3 Nd3 17.Bg5 Qxg5 18.exd3 Bxd3 19.Ncb5 Nxb5 20.axb5 Bf5 21.Nc4 Bd4 22.Qf3
Rxe1+ 23.Rxe1 Rd8 24.g4 Bc8 25.Qg3 Bb7 26.h4 Qf6 27.g5 Qf5 28.Be4 Qd7 29.Bg2
Re8 30.Rxe8+ Qxe8 31.Kf1 Qxb5 32.b3 Ba6 {#R} 0-1

[Event "It (open) (active)"]
[Site "masterchessopen.com - Bastia (France)"]
[Round "4"]
[White "Alfonsi Jean-Francois (FRA)"]
[Black "Pigusov Evgeny (RUS)"]
[Result "0-1"]
[WhiteElo "2067"]
[BlackElo "2560"]

1.d4 Nf6 2.c4 c5 3.d5 e6 4.Nc3 exd5 5.cxd5 d6 6.Nf3 g6 7.g3 Bg7 8.Bg2 O-O
9.O-O Re8 10.Bf4 Na6 11.Qd2 Nc7 12.Rad1 b5 13.Ng5 b4 14.Nce4 Nxe4 15.Nxe4 Nb5
16.Nxc5 dxc5 17.d6 Bd7 18.Bxa8 Qxa8 19.Rc1 Nd4 20.Be3 Qd5 21.f3 Qxd6 22.Rfd1
Bb5 23.Bxd4 Bxd4+ {#R} 0-1

[Event "It (open) \"]
[Site "masterchessopen.com - Berlin (Germany)"]
[Round "4"]
[White "Kharitonov Andrei V (RUS)"]
[Black "Horvath Tamas I (HUN)"]
[Result "1-0"]
[WhiteElo "2540"]
[BlackElo "2318"]

1.d4 Nf6 2.Nf3 e6 3.c4 c5 4.d5 exd5 5.cxd5 g6 6.Nc3 d6 7.g3 Bg7 8.Bg2 O-O
9.O-O Re8 10.Bf4 a6 11.a4 h6 12.Qc1 Kh7 13.Re1 Bf5 14.Nh4 Bc8 15.Qc2 b6 16.Nf3
Nh5 17.Bd2 Nd7 18.e4 Rb8 19.Rab1 Ne5 20.Nxe5 Bxe5 21.b4 Bd7 22.Qd3 Qc7 23.bxc5
Qxc5 24.Ne2 b5 25.Rec1 Qb6 26.a5 Qb7 27.Qe3 Bg7 28.Bb4 Bf8 29.Qa3 Rbd8 30.Nd4
Nf6 31.Bxd6 Bh3 32.Bxf8 Bxg2 33.Kxg2 Rxf8 34.Qf3 Nd7 35.Qf4 Rc8 36.Rc6 Nc5
37.Nf5 {#r} 1-0

[Event "It (open)"]
[Site "masterchessopen.com - Chemnitz (Germany)"]
[Round "3"]
[White "Lukas Manfred (GER)"]
[Black "Hirt Stefan (GER)"]
[Result "1-0"]
[WhiteElo "2052"]
[BlackElo "2141"]

1.d4 Nf6 2.c4 c5 3.d5 e6 4.Nc3 exd5 5.cxd5 d6 6.g3 g6 7.Bg2 Bg7 8.Nf3 O-O
9.O-O a6 10.a4 b6 11.Nd2 Nbd7 12.Nc4 Qc7 13.Bf4 Ne8 14.Ne4 Ne5 15.Nexd6 Nxd6
16.Bxe5 Bxe5 17.Nxe5 Bb7 18.Qd3 Rae8 19.Ng4 f5 20.Ne3 Ne4 21.Rad1 Qe5 22.Qb3
f4 23.Ng4 Qg5 24.Bxe4 Rxe4 25.d6+ c4 26.Qxb6 Ba8 27.d7 Qxg4 28.d8=Q Rxe2
29.Qxf8+ Kxf8 30.Qf6+ {#r} 1-0

[Event "It (open)"]
[Site "masterchessopen.com - Copenhagen (Denmark)"]
[Round "1"]
[White "Johansson Per (SWE)"]
[Black "Yakovich Yuri (RUS)"]
[Result "0-1"]
[WhiteElo "2155"]
[BlackElo "2610"]

1.d4 Nf6 2.Nf3 e6 3.c4 c5 4.d5 exd5 5.cxd5 d6 6.Nc3 g6 7.g3 Bg7 8.Bg2 O-O
9.O-O a6 10.a4 Nbd7 11.h3 Rb8 12.a5 b5 13.axb6 Nxb6 14.Nd2 Re8 15.Nb3 Nc4
16.Nd2 Nxd2 17.Qxd2 Rb4 18.Re1 Nd7 19.Qc2 Ne5 20.Bf4 Qb6 21.Bxe5 Bxe5 22.Ra2
Bd7 23.Rea1 a5 24.Nd1 Ra8 25.Ra3 a4 26.R1a2 Rb8 27.Nc3 Rxb2 28.Rxb2 Qxb2
29.Qxb2 Rxb2 30.Nxa4 Rxe2 31.Nb6 Bb5 32.Rb3 Ba6 33.Ra3 Re1+ 34.Kh2 Ra1 35.Rxa1
Bxa1 36.f4 Bd3 37.Nc8 c4 38.Nxd6 c3 {#R} 0-1

[Event "It (open) \"]
[Site "masterchessopen.com - Copenhagen (Denmark)"]
[Round "2"]
[White "Pedersen Thomas Vils (DEN)"]
[Black "Bradbury Neil H (ENG)"]
[Result "0-1"]
[WhiteElo "2081"]
[BlackElo "2335"]

1.d4 Nf6 2.Nf3 e6 3.c4 c5 4.d5 exd5 5.cxd5 d6 6.Nc3 g6 7.g3 Bg7 8.Bg2 O-O
9.O-O Bg4 10.Nd2 Qd7 11.a4 Bh3 12.Nc4 Bxg2 13.Kxg2 Na6 14.Bf4 Nh5 15.Bxd6 Rfe8
16.f3 f5 17.f4 Bxc3 18.bxc3 Re4 19.Nd2 Qxd6 20.Nxe4 fxe4 21.f5 Nc7 22.c4 Ne8
23.fxg6 hxg6 24.e3 Nhf6 25.Rb1 Qe7 26.Qb3 Nd6 27.Qc3 Nd7 28.Rf4 Qg7 29.Qxg7+
Kxg7 30.a5 Re8 31.Rbf1 Re7 32.h3 Nxc4 33.d6 Nxd6 34.Rd1 Nc4 35.Kf2 Nxa5 {#R}
0-1

[Event "Ch France (team) (juniors) (under 18)"]
[Site "masterchessopen.com - France"]
[Round "7"]
[White "Pietrasanta Jeremy (FRA)"]
[Black "Boursier Julien (FRA)"]
[Result "1-0"]
[WhiteElo "2283"]
[BlackElo "2088"]

1.d4 Nf6 2.c4 e6 3.Nf3 c5 4.d5 exd5 5.cxd5 d6 6.Nc3 g6 7.g3 Bg7 8.Bg2 O-O
9.O-O Re8 10.Re1 a6 11.a4 Nbd7 12.a5 b5 13.axb6 Nxb6 14.e4 Rb8 15.Nd2 Nfd7
16.Nb3 Qc7 17.Na5 Ra8 18.Bf1 Ne5 19.h3 Bb7 20.f4 Ned7 21.Bg2 f6 22.Qc2 Nc8
23.Nc4 Na7 24.Bd2 Nb5 25.Na4 Nd4 26.Qd1 Rab8 27.Ba5 Qc8 28.Nxd6 {#r} 1-0

[Event "Bundesliga (2nd) East 1996/97"]
[Site "masterchessopen.com - Germany"]
[Round "0"]
[White "Mirschinka Dirk Dr (GER)"]
[Black "Schunk Thomas Dr (GER)"]
[Result "0-1"]
[WhiteElo "2227"]
[BlackElo "2238"]

1.d4 Nf6 2.c4 c5 3.d5 e6 4.Nc3 exd5 5.cxd5 d6 6.Nf3 g6 7.g3 Bg7 8.Bg2 O-O
9.O-O a6 10.a4 Re8 11.Re1 Nbd7 12.Bf4 Qe7 13.e4 Ng4 14.Bg5 f6 15.Bf4 Nge5
16.Qe2 Nxf3+ 17.Bxf3 g5 18.Be3 Ne5 19.Bh5 g4 20.Red1 Rf8 21.f4 gxf3 22.Bxf3 f5
23.Bf4 fxe4 24.Bxe4 Bg4 25.Qc2 Nf3+ 26.Kg2 Rxf4 27.gxf4 Qh4 28.Kh1 Rf8 29.f5
Be5 30.Rd2 Nxd2 31.Qxd2 Rf6 32.Rg1 Kf7 33.Rg2 Bh3 34.Re2 Rh6 35.Nd1 Bf1 {#R}
0-1

[Event "Memorial D.Porath"]
[Site "masterchessopen.com - Israel"]
[Round "7"]
[White "Mikhalevski Victor (ISR)"]
[Black "Tsesarsky Ilya (ISR)"]
[Result "1-0"]
[WhiteElo "2535"]
[BlackElo "2445"]

1.d4 Nf6 2.c4 e6 3.g3 c5 4.d5 exd5 5.cxd5 g6 6.Nc3 Bg7 7.Bg2 d6 8.Nf3 O-O
9.O-O Bg4 10.Nd2 Qd7 11.a4 Na6 12.Nc4 Rfd8 13.Bf4 Ne8 14.Ne4 Qe7 15.Bg5 f6
16.Bf4 g5 17.Bc1 Nb4 18.Ne3 f5 19.Nc3 h5 20.h3 f4 21.hxg4 fxe3 22.Bxe3 hxg4
23.Qd2 Bh6 24.Ne4 Ng7 25.Bxg5 Bxg5 26.Nxg5 Rf8 27.Be4 Rf6 28.Kg2 Raf8 29.f4
gxf3+ 30.exf3 Rf5 31.Ne6 Nxe6 32.Bxf5 Nd4 33.Be6+ Kg7 34.Rae1 Qf6 35.Re4 {#r}
1-0

[Event "Ch Croatia (team) (2nd league)"]
[Site "masterchessopen.com - Medulin (Croatia)"]
[Round "0"]
[White "Zulj Leon (CRO)"]
[Black "Damjanovic Mato (CRO)"]
[Result "0-1"]
[WhiteElo "2265"]
[BlackElo "2320"]

1.d4 Nf6 2.c4 e6 3.g3 c5 4.d5 exd5 5.cxd5 d6 6.Bg2 g6 7.Nf3 Bg7 8.Nc3 O-O
9.O-O Na6 10.Re1 Nc7 11.a4 Rb8 12.e4 Bg4 13.Qb3 a6 14.e5 Bxf3 15.Bxf3 dxe5
16.Rxe5 b5 17.axb5 Ng4 18.Re1 Ne5 {#R} 0-1

[Event "Ch Russia (club) (1 liga)"]
[Site "masterchessopen.com - Orel (Russia)"]
[Round "1"]
[White "Kandyba L (RUS)"]
[Black "Egorov Mikhail (CAN)"]
[Result "1-0"]
[WhiteElo "2367"]
[BlackElo "2004"]

1.d4 Nf6 2.c4 c5 3.d5 e6 4.Nc3 exd5 5.cxd5 d6 6.Nf3 g6 7.g3 Bg7 8.Bg2 O-O
9.O-O a6 10.a4 Nbd7 11.h3 Re8 12.Bf4 Qc7 13.Rc1 Nh5 14.Bd2 f5 15.e4 fxe4
16.Re1 Nhf6 17.Ng5 Ne5 18.Ncxe4 Bf5 19.Bc3 Nxe4 20.Bxe4 Nf7 21.Bxf5 Nxg5
22.Be6+ Kh8 23.Qg4 Nf7 24.Bxg7+ Kxg7 25.Qd4+ Kg8 26.b4 b6 27.f4 Rad8 28.a5
{#r} 1-0

[Event "Ch Russia (club) (1 liga)"]
[Site "masterchessopen.com - Orel (Russia)"]
[Round "8"]
[White "Kandyba L (RUS)"]
[Black "Obukhov Alexander (RUS)"]
[Result "0-1"]
[WhiteElo "2367"]
[BlackElo "2405"]

1.d4 Nf6 2.c4 e6 3.g3 c5 4.d5 exd5 5.cxd5 d6 6.Nc3 g6 7.Nf3 Bg7 8.Bg2 O-O
9.O-O Na6 10.Nd2 Nc7 11.Nc4 Nh5 12.e4 b5 13.Na5 b4 14.Nb1 Nb5 15.Nc6 Qc7
16.Nd2 Nd4 17.Nc4 Ba6 18.N6a5 Rae8 19.Bd2 Nf6 {#R} 0-1

[Event "Ch Russia (club) (1 liga)"]
[Site "masterchessopen.com - Orel (Russia)"]
[Round "6"]
[White "Obukhov Alexander (RUS)"]
[Black "Egorov Mikhail (CAN)"]
[Result "1-0"]
[WhiteElo "2405"]
[BlackElo "2004"]

1.d4 Nf6 2.c4 c5 3.d5 e6 4.Nc3 exd5 5.cxd5 d6 6.g3 g6 7.Bg2 Bg7 8.Nf3 O-O
9.O-O a6 10.a4 Nbd7 11.Bf4 Qe7 12.h3 Rb8 13.Rb1 Re8 14.e4 Nh5 15.Bd2 Ne5
16.Nxe5 Bxe5 17.Kh2 Bg7 18.b4 cxb4 19.Rxb4 Nf6 20.a5 Nd7 21.Na4 Ne5 22.f4 Nd7
23.Qc2 Qd8 24.Rfb1 Nf6 25.Rc4 {#r} 1-0

[Event "Cup Yugoslavia (team) (w)"]
[Site "masterchessopen.com - Ulcinj (Yugoslavia)"]
[Round "1"]
[White "Relic-Radakovic Rajna (CRO)"]
[Black "Jovicevic Dusanka (YUG)"]
[Result "1-0"]
[WhiteElo "2218"]
[BlackElo "2560"]

1.d4 Nf6 2.c4 c5 3.d5 e6 4.Nc3 exd5 5.cxd5 d6 6.g3 g6 7.Bg2 Bg7 8.Nf3 O-O
9.O-O Bg4 10.Nd2 a6 11.h3 Bc8 12.a4 Nbd7 13.Nc4 Nb6 14.Na3 Re8 15.a5 Nbd7
16.Nc4 Ne5 17.Nb6 Rb8 18.f4 Ned7 19.Nc4 Qe7 20.e4 b5 21.axb6 Nxb6 22.Na5 Ra8
23.Nc6 Qc7 24.e5 Nfd7 25.Ne4 Bf8 26.f5 Rxe5 27.Nxe5 Nxe5 28.fxg6 hxg6 29.Nf6+
Kh8 30.Rf4 Bf5 31.Rh4+ Kg7 32.Bg5 {#r} 1-0

[Event "It (open)"]
[Site "masterchessopen.com - Zadar (Croatia)"]
[Round "7"]
[White "Radosavljevic Petar (CRO)"]
[Black "Kristovic Marijan (CRO)"]
[Result "0-1"]
[WhiteElo "2130"]
[BlackElo "2310"]

1.d4 Nf6 2.c4 e6 3.Nc3 c5 4.d5 exd5 5.cxd5 d6 6.Nf3 g6 7.g3 Bg7 8.Bg2 O-O
9.O-O Re8 10.Nd2 a6 11.a4 b6 12.e4 Ra7 13.Nc4 h6 14.h3 Rb7 15.Bf4 Bf8 16.e5
dxe5 17.Nxe5 Nfd7 18.Nc6 Qf6 19.Nxb8 Nxb8 20.d6 g5 21.Bxb7 Bxb7 22.d7 Qc6
23.f3 Nxd7 24.Bd2 c4 25.Kh2 Ne5 26.Be3 g4 27.Bf4 Nxf3+ 28.Rxf3 gxf3 {#R} 0-1

[Event "It (open) \"]
[Site "masterchessopen.com - Baden (Switzerland)"]
[Round "2"]
[White "Loetscher Roland (SUI)"]
[Black "Jurek Josef (CZE)"]
[Result "0-1"]
[WhiteElo "2080"]
[BlackElo "2390"]

1.d4 Nf6 2.c4 e6 3.g3 c5 4.d5 exd5 5.cxd5 d6 6.Nc3 g6 7.Bg2 Bg7 8.Nf3 O-O
9.O-O Na6 10.Bf4 Nc7 11.a4 a6 12.h3 Rb8 13.a5 b5 14.axb6 Rxb6 15.Nd2 Rxb2
16.Bxd6 Rxd2 17.Qxd2 Qxd6 18.f4 Nb5 19.Rac1 Bf5 20.Nxb5 axb5 21.Rfd1 Be4 22.e3
Re8 23.Bxe4 Nxe4 24.Qg2 b4 25.Rc4 Nc3 26.Re1 Bd4 {#R} 0-1

[Event "Match \"]
[Site "masterchessopen.com - Beer-Sheva (Israel)"]
[Round "4"]
[White "Mikhalevski Victor (ISR)"]
[Black "Sakaev Konstantin (RUS)"]
[Result "0-1"]
[WhiteElo "2540"]
[BlackElo "2635"]

1.d4 Nf6 2.c4 e6 3.g3 c5 4.d5 exd5 5.cxd5 d6 6.Bg2 g6 7.Nc3 Bg7 8.Nf3 O-O
9.O-O Na6 10.Nd2 Nc7 11.Nc4 Nfe8 12.Bf4 f5 13.Qd2 b5 14.Na5 b4 15.Na4 Nb5
16.Nc6 Qd7 17.Rac1 Nf6 18.Rxc5 dxc5 19.Nxc5 Qe8 20.Qxb4 a6 21.d6 Ne4 22.Nxe4
fxe4 23.Bxe4 Kh8 24.Ne7 Bd7 25.Be3 a5 26.Qd2 Ra6 27.Bc5 Rf6 28.Bxg6 hxg6
29.Qg5 Rf5 30.Nxf5 Bxf5 31.Qe7 Nxd6 32.Bxd6 Qxe7 33.Bxe7 Re6 34.Bd8 Rxe2
35.Bxa5 Rxb2 36.Rc1 Bh3 {#R} 0-1

[Event "It (open)"]
[Site "masterchessopen.com - Benasque (Spain)"]
[Round "0"]
[White "Llopis De Aysa Manuel (ESP)"]
[Black "Martin Andrew D (ENG)"]
[Result "1-0"]
[WhiteElo "2148"]
[BlackElo "2445"]

1.d4 Nf6 2.c4 c5 3.d5 e6 4.Nc3 exd5 5.cxd5 d6 6.g3 g6 7.Bg2 Bg7 8.Nf3 O-O
9.O-O a6 10.a4 Re8 11.Bf4 Ne4 12.Nxe4 Rxe4 13.Nd2 Rb4 14.Ra2 f5 15.h4 Bxb2
16.Qc2 Bg7 17.Nc4 b5 18.axb5 Rxc4 19.Qxc4 axb5 20.Qxb5 Rxa2 21.Qxb8 Ra6 22.Rb1
Bf6 23.e3 c4 24.Bf1 Ra4 25.Bxd6 c3 26.Be5 c2 27.Rc1 Bxe5 28.Qxe5 Re4 29.Qb8 f4
30.Rxc2 Re8 31.Qxf4 Rf8 32.Qd4 Bb7 33.d6 {#r} 1-0

[Event "It (open)"]
[Site "masterchessopen.com - Dos Hermanas (Spain)"]
[Round "2"]
[White "Pereira Figueroa Manuel (ESP)"]
[Black "Campora Daniel H (ARG)"]
[Result "0-1"]
[WhiteElo "2115"]
[BlackElo "2540"]

1.d4 Nf6 2.c4 e6 3.g3 c5 4.d5 exd5 5.cxd5 d6 6.Nc3 g6 7.Bg2 Bg7 8.Nf3 O-O
9.O-O a6 10.a4 Nbd7 11.h3 Rb8 12.a5 Qe7 13.Nd2 b5 14.axb6 Nxb6 15.e4 Nfd7
16.f4 f5 17.exf5 gxf5 18.Re1 Bd4+ 19.Kh2 Qg7 20.Re2 Nf6 21.Nb3 Ng4+ 22.hxg4
Qh6+ 23.Bh3 fxg4 24.Nxd4 cxd4 25.Ne4 Bf5 26.Ng5 Rbe8 27.Rxe8 Rxe8 28.Qxd4 Re2+
29.Kg1 gxh3 30.Bd2 Qh5 31.Bc3 h2+ {#R} 0-1